00557nam a2200157 a 450000100100000000500170001000800410002704000250006808200150009324500250010826000770013330000320021059000270024295201130026999900170038200003998120201002033839.0130801s1964 xxug 000 0 spa d aDO-SdBNPbspacBNPHU axxxxbxxxx00aAlabanzas juveniles. aEl Paso, Texas, Estados Unidos :bCasa Bautista de Publicaciones,c1964. a34 p. :bmúsica ;c22 cm. aInventariado, 2019/ YL 001050718MOaGRbGRcCTd2013-08-01iLF1l0oxxxx xxxxp39981-10r2020-06-25w2020-06-25y1ZNo se presta c39471d39471